Statistics for African Micronations

Click here to take the quiz!

General Stats

  • This quiz has been taken 98 times
    (80 since last reset)
  • The average score is 5 of 6

Answer Stats

HintAnswer% Correct
525,000Cape Verde
94%
783,000Comoros
93%
194,000Sao Tome and Principe
93%
97,000Seychelles
93%
961,000Djibouti
79%
757,000Equatorial Guinea
60%

Score Distribution

Percentile by Number Answered

Percent of People with Each Score

Your Score History

You have not taken this quiz since the last reset